Géographie de l'Asie par lettre - R - Statistiques

Statistiques générales
  • Ce quiz a été pris 129 fois
  • Le résultat moyen est 7 sur 20
Statistiques - réponses
Indice Réponse % Correct
Capitale de l'Arabie saoudite Riyad
97%
Elles peuvent être "de la soie", "des épices" ou "des Indes" et sont jalonnées par de nombreuses étapes à travers l'Asie Les Routes commerciales
95%
Céréale dont la Chine et l'Inde sont les premiers producteurs avec 50% de la production mondiale Le Riz
88%
Monnaie en circulation à Vladivostok Le Rouble
77%
Mystique né en Sibérie ayant exercé une grande influence à la cour impériale russe Grigori Raspoutine
57%
Plus vaste État d'Inde, dont le nom signifie "Pays des rois" en hindi Le Rajasthan
50%
Langue officielle à la fois au Kazakhstan, au Kirghizistan et langue dite "véhiculaire" entre les nombreuses ethnies d'Asie centrale Le Russe
47%
Nom de la monnaie de l'Iran, d'Oman ou du Yémen Le Rial
46%
Elles peuvent être "Wei", "Noire" ou "des perles" en Chine Des Rivières
35%
Ville palestinienne et poste-frontière entre la bande de Gaza et l'Égypte Rafah
31%
Groupe ethnique musulman de Birmanie dont un grand nombre sont réfugiés au Bangladesh Les Rohingyas
19%
Chaîne d'îles du sud du Japon dont Okinawa est la plus grande Les îles {Ryûkyû}
17%
Quatrième ville du Pakistan par la population qui fut capitale dans les années 60 en attendant la construction d'Islamabad Rawalpindi
10%
Région rebelle autonome kurde de l'est de la Syrie Le Rojava
9%
Film japonais d'Akira Kurosawa de 1951 qui marque à la mostra de Venise le début de l'intérêt de l'Occident pour le cinéma de ce pays Rashômon
8%
Ville de l'est de la Turquie sur la mer noire en quatre lettres Rize
8%
Archipel indonésien de presque 1800 îles entre Singapour et Sumatra Les îles {Riau}
4%
Zone économique spéciale portuaire de Corée du Nord sous administration directe de l'État et à la frontière avec la Chine et la Russie Rasŏn
4%
Ligne de partition entre les anciens "dominions" d'Inde qui correspond aux actuelles frontières entre Inde, Pakistan et Bangladesh. Elle porte le nom d'un lord anglais qui a été mandaté pour dessiner ce tracé en 5 semaines La ligne {Radcliffe}
2%
Complétez le nom de ce fleuve d'Afghanistan avec un mot qui en persan signifie "rivière" Le Hari {Rûd}
2%
Aucun quiz correspondant
Distribution des résultats
% des personnes avec chaque résultat
Percentile par nombre de réponses
Votre historique - résultats
Vous n’avez pas pris ce quiz